WSOP ME Final Table Bubblers Quiz Stats

 Plays Quiz not verified by Sporcle

Score 0/17 Timer 10:00
0 Plays Today
Year Player % Correct
2009Jordan Smith
75%
2013Carlos Mortensen
75%
2000Annie Duke
50%
2012Gaelle Baumann
50%
2014Luis Velador
50%
2003Phil Ivey
25%
2004Marcel Luske
25%
2010Brandon Steven
25%
2011John Hewitt
25%
Year Player % Correct
2016Joshua Weiss
25%
2015Alex Turyanksy
25%
2001Arturo Diaz
0%
2002Don Barton
0%
2005Ayhan Alsancak
0%
2006Fred Goldberg
0%
2007Steve Garfinkle
0%
2008Dean Hamrick
0%

You're not logged in!

Compare scores with friends on all Sporcle quizzes.
OR
Log In

Show Comments

Extras

Created Mar 18, 2017ReportNominate
Tags:Country Quiz, final, player, table, wsop

Top Quizzes Today


Score Distribution

Your Account Isn't Verified!

In order to create a playlist on Sporcle, you need to verify the email address you used during registration. Go to your Sporcle Settings to finish the process.

Report this User

Report this user for behavior that violates our Community Guidelines.

Details: